| 000 | 00357nam a2200133Ia 4500 | ||
|---|---|---|---|
| 008 | 240624s9999 xx 000 0 und d | ||
| 041 | _aeng | ||
| 082 | _a658.3124 MAL | ||
| 100 | _aMALERBA FRANCO | ||
| 245 | _aECONOMIC DEVELOPMENT AS A LEARNING PROCE | ||
| 260 |
_c2012 _aUnited Kingdom _bEdward Elgar |
||
| 300 | _avii, 314 p.; 23 cm. | ||
| 365 |
_cBPS _b33 |
||
| 999 |
_c32188 _d32188 |
||